008740000a22002530004500003001100000008004100011020001500052040003900067041000800106100003100114245009100145260007200236300000900308490003000317650003100347650003100378650001800409650004000427650001900467650003300486942000700519952007900526999001500605LK-CoMWRAF230817t ||||| |||| 00| 0 eng d a9551086081 aLK-CoMWRAFdLK-CoMWRAFeLK-CoMWRAF aeng aSarvananthan, Muttukrishna aInformal Economy in the Conflict Region of Sri Lanka: An ExplorationbWorking Paper 06 bPoint Pedro Institute of DevelopmentaPoint Pedro (Sri Lanka)c2006 ap.18 aPPID Working Paper Series aCauses of Informal Economy aExtent of Informal Economy aLTTE's Income aPolicies to Combat Informal Economy aProvincial GDP aSectoral Composition of PGDP cBK 00104070aMAINbMAINd2023-08-17l0pRAF4468r2023-08-17w2023-08-17yBK c2280d2280